[Event "Asnieres Challenge blitz"]
[Site "Asnieres sur Seine"]
[Date "2017.06.11"]
[Round "12.4"]
[White "Ahmed Holi Ali, Moawia"]
[Black "Licayan, Albert"]
[Result "1-0"]
[WhiteElo "2280"]
[BlackElo "2130"]
[PlyCount "77"]
[EventDate "2017.06.10"]
[EventType "swiss (blitz)"]
[EventRounds "15"]
[EventCountry "FRA"]
[SourceTitle "EXT 2024"]
[Source "ChessBase"]
[SourceDate "2023.10.10"]
[SourceVersion "1"]
[SourceVersionDate "2023.10.10"]
[SourceQuality "1"]

1. e4 e6 2. d4 d5 3. exd5 exd5 4. Bd3 Nf6 5. Nf3 Bd6 6. 0-0 0-0 7. Re1 h6 8. Be3 Re8 9. Nbd2 Be6 10. Nf1 Nbd7 11. h3 c6 12. c3 Qc7 13. Qd2 Bf8 14. Ne5 Nxe5 15. dxe5 Nd7 16. f4 g6 17. g4 Nc5 18. Bxc5 Bxc5+ 19. Kg2 d4 20. c4 b5 21. b3 bxc4 22. bxc4 Rab8 23. a3 Bd7 24. Ng3 Bf8 25. Ne4 Bg7 26. Nd6 Rf8 27. c5 Be6 28. f5 Bd5+ 29. Be4 Bxe5 30. Bxd5 Bxd6 31. cxd6 Qxd6 32. Bc4 g5 33. f6 Rfe8 34. Rf1 Re3 35. Qf2 Rbe8 36. Rae1 Qe5 37. Rxe3 dxe3 38. Qf5 Qb2+ 39. Kh1 1-0

[Event "Val de Marne-ch"]
[Site "Maisons Alfort"]
[Date "2015.02.07"]
[Round "3"]
[White "Licayan, Albert"]
[Black "Haie, Arnaud"]
[Result "0-1"]
[WhiteElo "2049"]
[BlackElo "2134"]
[PlyCount "96"]
[EventDate "2015.02.07"]
[EventType "swiss"]
[EventRounds "5"]
[EventCountry "FRA"]
[SourceTitle "EXT 2016"]
[Source "ChessBase"]
[SourceDate "2015.10.08"]
[SourceVersion "1"]
[SourceVersionDate "2015.10.08"]
[SourceQuality "1"]

1. e4 e6 2. d4 d5 3. Nd2 Be7 4. e5 c5 5. c3 Nc6 6. Ngf3 f6 7. Bb5 Bd7 8. exf6 Nxf6 9. 0-0 0-0 10. Bxc6 bxc6 11. Ne5 cxd4 12. cxd4 c5 13. Ndf3 Qb6 14. Bg5 Be8 15. b3 Rd8 16. Rc1 Bh5 17. h3 Bd6 18. g4 Be8 19. Re1 Qb8 20. dxc5 Bc7 21. Qd4 h6 22. Bh4 g5 23. Bg3 Ne4 24. Re3 Rxf3 25. Rxf3 Nxg3 26. fxg3 Bxe5 27. Qd3 Qb4 28. c6 Rc8 29. Kg2 Bg7 30. c7 Qd6 31. h4 Rxc7 32. Rxc7 Qxc7 33. hxg5 hxg5 34. Qe3 Qe7 35. b4 Bg6 36. Rf2 d4 37. Qc1 e5 38. Qc8+ Qe8 39. Qc4+ Bf7 40. Qc5 Qd7 41. Kh2 d3 42. Qe3 Qd6 43. Rd2 Bc4 44. Qe4 Qxb4 45. Qa8+ Qf8 46. Qc6 Qf7 47. Qa8+ Bf8 48. Qe4 Qh7+ 0-1

[Event "Paris-ch blitz"]
[Site "Paris"]
[Date "2011.??.??"]
[Round "2"]
[White "David, Alberto"]
[Black "Licayan, Albert"]
[Result "1-0"]
[WhiteElo "2590"]
[BlackElo "2100"]
[PlyCount "54"]
[EventDate "2011.01.30"]
[EventType "swiss (blitz)"]
[EventRounds "13"]
[EventCountry "FRA"]
[SourceTitle "EXT 2012"]
[Source "ChessBase"]
[SourceDate "2011.11.24"]
[SourceVersion "1"]
[SourceVersionDate "2011.11.24"]
[SourceQuality "1"]

1. d4 Nf6 2. c4 g6 3. Nc3 Bg7 4. e4 0-0 5. Nf3 c6 6. Be2 d6 7. Be3 Bg4 8. Ng5 h6 9. Nf3 Nbd7 10. h3 e5 11. d5 c5 12. a4 a6 13. Nd2 Re8 14. a5 Nf8 15. Nf1 g5 16. Ng3 Ng6 17. f3 Nh4 18. Kf2 Nh7 19. Na4 Nf8 20. Nb6 Rc8 21. Rb1 Rc7 22. b4 Nfg6 23. Qd2 Nf4 24. Nf5 Qf6 25. Ke1 Kh8 26. Kd1 Bf8 27. Kc2 Be7 1-0

[Event "FRA-ch op-A"]
[Site "Pau"]
[Date "2008.08.12"]
[Round "1"]
[White "Denous, Cyprien"]
[Black "Licayan, Albert"]
[Result "1-0"]
[WhiteElo "2028"]
[BlackElo "2139"]
[PlyCount "83"]
[EventDate "2008.08.11"]
[EventType "swiss"]
[EventRounds "9"]
[EventCountry "FRA"]
[SourceTitle "CBM 126 Extra"]
[Source "ChessBase"]
[SourceDate "2008.11.05"]
[SourceVersion "1"]
[SourceVersionDate "2008.11.05"]
[SourceQuality "1"]

1. e4 c5 2. c3 Nf6 3. e5 Nd5 4. Nf3 e6 5. Bc4 Nb6 6. Bb3 d5 7. d4 Nc6 8. 0-0 h6 9. Be3 cxd4 10. cxd4 Bd7 11. Nc3 Na5 12. Bc2 Rc8 13. Bd3 a6 14. Qe2 Bb4 15. Rfc1 Bxc3 16. bxc3 Nac4 17. Nd2 Nxe3 18. fxe3 0-0 19. Rab1 Bc6 20. Qg4 Bb5 21. Bxb5 axb5 22. Rxb5 Nc4 23. Nxc4 Rxc4 24. Rxb7 Qa5 25. Rb2 Rxc3 26. Rxc3 Qxc3 27. Qe2 Rc8 28. a4 Rc4 29. Ra2 Qa5 30. Qd1 Qc7 31. Qd2 Rc1+ 32. Kf2 Qc4 33. Qe2 Qb4 34. a5 Rc7 35. a6 Ra7 36. Qc2 g6 37. Rb2 Qa5 38. Rb8+ Kg7 39. Qc8 Qd2+ 40. Kf3 Qd1+ 41. Kg3 Qe1+ 42. Kh3 1-0

[Event "Paris-ch"]
[Site "Paris"]
[Date "2006.07.12"]
[Round "4"]
[White "Licayan, Albert"]
[Black "Derieux, Christian"]
[Result "0-1"]
[WhiteElo "2195"]
[BlackElo "2145"]
[PlyCount "86"]
[EventDate "2006.07.08"]
[EventType "swiss"]
[EventRounds "9"]
[EventCountry "FRA"]
[SourceTitle "EXT 2007"]
[Source "ChessBase"]
[SourceDate "2006.11.23"]
[SourceVersion "1"]
[SourceVersionDate "2006.11.23"]
[SourceQuality "1"]

1. d4 Nf6 2. c4 c5 3. d5 e6 4. Nc3 exd5 5. cxd5 d6 6. Nf3 g6 7. g3 Bg7 8. Bg2 0-0 9. 0-0 Re8 10. Re1 Ne4 11. Nxe4 Rxe4 12. Nd2 Re8 13. e4 b5 14. Rb1 Nd7 15. b3 Ne5 16. Qc2 Ba6 17. f4 Ng4 18. Bb2 c4 19. h3 Qb6+ 20. Kh1 Nf2+ 21. Kh2 Bxb2 22. Qxb2 Nd3 23. Qf6 Nxe1 24. Rxe1 Rac8 25. Nf3 cxb3 26. axb3 Rc2 27. Ng5 Rf8 28. h4 b4 29. Rg1 Qf2 30. Qa1 Rc3 31. Qe1 Qxe1 32. Rxe1 Rxb3 33. e5 dxe5 34. fxe5 Bb7 35. Ne4 Rb2 36. Kg1 Rxg2+ 37. Kxg2 Bxd5 38. Kf2 Bxe4 39. Rxe4 Rb8 40. Re1 b3 41. Ke3 b2 42. Rb1 a5 43. Kd3 a4 0-1

[Event "Bois Colombes op 2nd"]
[Site "Bois Colombes"]
[Date "2005.12.23"]
[Round "3"]
[White "Maleki, Nicolas"]
[Black "Licayan, Albert"]
[Result "0-1"]
[WhiteElo "2117"]
[BlackElo "2168"]
[PlyCount "112"]
[EventDate "2005.12.21"]
[EventType "swiss"]
[EventRounds "6"]
[EventCountry "FRA"]
[SourceTitle "EXT 2007"]
[Source "ChessBase"]
[SourceDate "2006.11.23"]
[SourceVersion "1"]
[SourceVersionDate "2006.11.23"]
[SourceQuality "1"]

1. e4 e6 2. d4 d5 3. e5 c5 4. c3 Nc6 5. Nf3 h6 6. Bd3 Bd7 7. 0-0 Rc8 8. Be3 cxd4 9. Bxd4 Nxd4 10. Nxd4 Qb6 11. Qb3 Qc7 12. Re1 a6 13. Nd2 Bc5 14. Qd1 Ne7 15. Qg4 g6 16. N2b3 Ba7 17. Qh4 Qd8 18. Qf6 Rg8 19. Qf4 Rh8 20. Re3 Nf5 21. Bxf5 gxf5 22. Rh3 h5 23. Qg3 Qe7 24. Rh4 Bb6 25. Nf3 Qf8 26. Rb4 Bd8 27. Rxb7 h4 28. Qf4 Rc4 29. Nbd4 Bc8 30. Rb8 Qe7 31. Nd2 Rc5 32. N2b3 Rc4 33. Nd2 Rc7 34. Rb3 Qc5 35. Qf3 Bg5 36. Rd1 Ke7 37. Qd3 Bd7 38. Rb4 a5 39. N4b3 Qa7 40. Rd4 a4 41. Nc1 Rb8 42. Nf3 Bxc1 43. Rxc1 Rxb2 44. Qe3 Qc5 45. Qg5+ Ke8 46. Rxh4 Bb5 47. Rh8+ Kd7 48. Qd8+ Kc6 49. Nd4+ Kb6 50. Qa8 Ba6 51. Rb8+ Bb7 52. Qxa4 Qxc3 53. Rd1 Rb4 54. Qa8 Rxd4 55. Rxb7+ Rxb7 56. Qd8+ Ka7 0-1

[Event "Paris-ch op"]
[Site "Paris"]
[Date "2002.07.08"]
[Round "3"]
[White "Maleki, Nicolas"]
[Black "Licayan, Albert"]
[Result "1-0"]
[WhiteElo "2075"]
[BlackElo "2191"]
[PlyCount "69"]
[EventDate "2002.07.06"]
[EventType "swiss"]
[EventRounds "9"]
[EventCountry "FRA"]
[SourceTitle "CBM 089 Extra"]
[Source "ChessBase"]
[SourceDate "2002.09.10"]
[SourceVersion "2"]
[SourceVersionDate "2002.09.10"]
[SourceQuality "1"]

1. d4 d5 2. c4 c6 3. cxd5 cxd5 4. Nf3 Nc6 5. Nc3 Nf6 6. Bf4 e6 7. e3 Bd6 8. Bg3 0-0 9. Bd3 Re8 10. 0-0 Bxg3 11. hxg3 e5 12. Nxe5 Nxe5 13. dxe5 Rxe5 14. Nb5 Bd7 15. Nd4 Ng4 16. Be2 Nf6 17. Bf3 h5 18. Rc1 Bg4 19. Qb3 Re7 20. Rc5 Bxf3 21. Nxf3 Rc8 22. Rfc1 Rec7 23. Qb4 Ne4 24. Rxc7 Rxc7 25. Rd1 Qf6 26. Qd4 Rc2 27. Qxd5 Nxf2 28. Rf1 Ng4 29. Qxb7 Rxb2 30. Qxa7 Qc6 31. Qe7 f6 32. Qd8+ Kh7 33. Qd3+ g6 34. Qd8 Qe4 35. Ng5+ 1-0

[Event "Paris Apsap op 55th"]
[Site "Paris"]
[Date "2002.??.??"]
[Round "1"]
[White "Licayan, Albert"]
[Black "Diaz, J."]
[Result "1-0"]
[WhiteElo "2191"]
[BlackElo "1920"]
[PlyCount "43"]
[EventDate "2002.08.26"]
[EventType "swiss"]
[EventRounds "9"]
[EventCountry "FRA"]
[SourceTitle "EXT 2004"]
[Source "ChessBase"]
[SourceDate "2003.11.25"]
[SourceVersion "1"]
[SourceVersionDate "2003.11.25"]
[SourceQuality "1"]

1. e4 c5 2. Nf3 d6 3. Bb5+ Bd7 4. Bxd7+ Qxd7 5. 0-0 Nc6 6. c3 Nf6 7. d4 cxd4 8. cxd4 Nxe4 9. d5 Nb8 10. Re1 Nf6 11. Bg5 h6 12. Bxf6 gxf6 13. Nc3 Rg8 14. Ne4 Bg7 15. Nd4 Kf8 16. Qf3 Qd8 17. Nf5 Nd7 18. Qh3 Rh8 19. Neg3 Ne5 20. Nh5 Rg8 21. Nhxg7 Rxg7 22. Qxh6 1-0

[Event "Paris-ch op"]
[Site "Paris"]
[Date "2001.07.22"]
[Round "2"]
[White "Van de Oudeweetering, Arthur"]
[Black "Licayan, Albert"]
[Result "1-0"]
[WhiteElo "2409"]
[BlackElo "2169"]
[PlyCount "41"]
[EventDate "2001.07.21"]
[EventType "swiss"]
[EventRounds "9"]
[EventCountry "FRA"]
[SourceTitle "CBM 083 Extra"]
[Source "ChessBase"]
[SourceDate "2001.09.11"]
[SourceVersion "1"]
[SourceVersionDate "2001.09.11"]
[SourceQuality "1"]

1. e4 c5 2. c3 Nf6 3. e5 Nd5 4. d4 cxd4 5. Nf3 e6 6. cxd4 Nc6 7. Nc3 Nxc3 8. bxc3 d5 9. exd6 Bxd6 10. Bd3 h6 11. 0-0 Qc7 12. c4 0-0 13. Bb2 e5 14. c5 Be7 15. d5 Rd8 16. d6 Bxd6 17. cxd6 Rxd6 18. Qc2 f6 19. Ba3 Rd8 20. Nh4 Qa5 21. Bc4+ 1-0

[Event "Paris-ch op"]
[Site "Paris"]
[Date "2000.07.18"]
[Round "4"]
[White "Spiridonov, Nikola"]
[Black "Licayan, Albert"]
[Result "1-0"]
[WhiteElo "2400"]
[BlackElo "2194"]
[PlyCount "99"]
[EventDate "2000.07.15"]
[EventType "swiss"]
[EventRounds "9"]
[EventCountry "FRA"]
[SourceTitle "EXT 2001"]
[Source "ChessBase"]
[SourceDate "2000.11.22"]
[SourceVersion "1"]
[SourceVersionDate "2000.11.22"]
[SourceQuality "1"]

1. Nf3 d5 2. c4 d4 3. g3 c5 4. b4 Nf6 5. Bg2 Qc7 6. 0-0 e5 7. d3 Nc6 8. b5 Nd8 9. e3 Ne6 10. Re1 Bd6 11. a4 0-0 12. exd4 exd4 13. Ra2 Bd7 14. a5 Rad8 15. a6 b6 16. Rae2 Rfe8 17. Ne5 Re7 18. Nxd7 Nxd7 19. Nd2 Nf6 20. Ne4 Nxe4 21. Bxe4 h6 22. Bd5 Rde8 23. Bc6 Rf8 24. Kg2 Rd8 25. h4 Rf8 26. Re4 Nd8 27. Rxe7 Bxe7 28. Bd5 Qd7 29. Qh5 Bf6 30. Qf3 Be7 31. Re4 Kh7 32. Re5 Bd6 33. Be4+ Kg8 34. Rd5 Qe7 35. Rh5 Qe6 36. Rf5 Kh8 37. h5 Qe7 38. Bd2 Ne6 39. Bd5 Kg8 40. Qg4 Kh8 41. Qe4 Kg8 42. Bxe6 Qxe6 43. Qxe6 fxe6 44. Rxf8+ Kxf8 45. Kf3 Kf7 46. Ke4 Kf6 47. f4 g6 48. g4 gxh5 49. gxh5 Bf8 50. Ba5 1-0

[Event "Saint Quentin op"]
[Site "Saint Quentin"]
[Date "1999.04.19"]
[Round "3"]
[White "Royer, Sylvain"]
[Black "Licayan, Albert"]
[Result "1-0"]
[WhiteElo "2275"]
[BlackElo "2130"]
[PlyCount "103"]
[EventDate "1999.04.??"]
[EventType "swiss"]
[EventRounds "9"]
[EventCountry "FRA"]
[SourceTitle "EXT 2000"]
[Source "ChessBase"]
[SourceDate "1999.11.16"]
[SourceVersion "1"]
[SourceVersionDate "1999.11.16"]
[SourceQuality "1"]

1. Nf3 c5 2. c4 Nf6 3. Nc3 e6 4. g3 b6 5. Bg2 Bb7 6. 0-0 d6 7. Re1 Nbd7 8. e4 Be7 9. d4 cxd4 10. Nxd4 0-0 11. e5 dxe5 12. Nxe6 fxe6 13. Bxb7 Rb8 14. Bg2 Qc7 15. b3 Rbd8 16. Qe2 Bb4 17. Bb2 Bc5 18. Rad1 Bxf2+ 19. Qxf2 Ng4 20. Nb5 Nxf2 21. Nxc7 Nxd1 22. Ba3 Nc5 23. Bxc5 bxc5 24. Nxe6 Rd2 25. Nxf8 Kxf8 26. Rxe5 Rxa2 27. Rxc5 Ke7 28. Bf3 Nf2 29. Re5+ Kf6 30. Re2 Rxe2 31. Bxe2 Ne4 32. b4 Ke5 33. Bd3 Nf6 34. Kf2 Kd4 35. Ke2 Ng4 36. c5 Ne5 37. Bb5 Kd5 38. Ke3 g5 39. h3 h5 40. Be2 h4 41. gxh4 gxh4 42. Kf4 Ke6 43. Kg5 Nc6 44. b5 Nd4 45. Bc4+ Ke5 46. Kxh4 Nf3+ 47. Kg4 Nd2 48. b6 axb6 49. cxb6 Kd6 50. b7 Kc7 51. Be6 Nf1 52. Kf4 1-0

[Event "Paris op"]
[Site "Paris"]
[Date "1998.??.??"]
[Round "8"]
[White "Derieux, Christian"]
[Black "Licayan, Albert"]
[Result "0-1"]
[WhiteElo "2200"]
[BlackElo "2110"]
[PlyCount "84"]
[EventDate "1998.07.??"]
[EventType "swiss"]
[EventRounds "9"]
[EventCountry "FRA"]
[SourceTitle "EXT 2000"]
[Source "ChessBase"]
[SourceDate "1999.11.16"]
[SourceVersion "1"]
[SourceVersionDate "1999.11.16"]
[SourceQuality "1"]

1. d4 d5 2. c4 e6 3. Nc3 Nf6 4. Bg5 Nbd7 5. e3 Be7 6. cxd5 exd5 7. Bd3 h6 8. Bh4 c6 9. Nge2 0-0 10. 0-0 Re8 11. Qc2 Nh5 12. Bxe7 Qxe7 13. Rae1 Nhf6 14. Ng3 Nf8 15. f3 Be6 16. e4 Qb4 17. Nge2 Rac8 18. a3 Qa5 19. e5 N6d7 20. f4 Bg4 21. Ng3 h5 22. h3 h4 23. Nh1 Bh5 24. g4 hxg3 25. Nxg3 Bg6 26. f5 Bh7 27. Kh1 Qd8 28. Rf4 c5 29. Qg2 Qg5 30. Rg4 Qh6 31. Rg1 cxd4 32. Nh5 g6 33. fxg6 Nxg6 34. Nf4 Ndxe5 35. Ncxd5 Nxg4 36. Qxg4 Kh8 37. Nh5 Rc1 38. Qxd4+ Re5 39. Ndf4 Rxg1+ 40. Kxg1 Qg5+ 41. Kh2 Nxf4 42. Nxf4 Kg8 0-1

[Event "Paris op"]
[Site "Paris"]
[Date "1998.??.??"]
[Round "5"]
[White "Licayan, Albert"]
[Black "Koulitchenko, Alexandre"]
[Result "1-0"]
[WhiteElo "2110"]
[BlackElo "2160"]
[PlyCount "77"]
[EventDate "1998.07.??"]
[EventType "swiss"]
[EventRounds "9"]
[EventCountry "FRA"]
[SourceTitle "EXT 2000"]
[Source "ChessBase"]
[SourceDate "1999.11.16"]
[SourceVersion "1"]
[SourceVersionDate "1999.11.16"]
[SourceQuality "1"]

1. d4 Nf6 2. Bg5 Ne4 3. Bf4 d5 4. f3 Nf6 5. c4 e6 6. Nc3 c6 7. e4 dxe4 8. fxe4 Bb4 9. Qd3 Qa5 10. Bd2 e5 11. d5 Na6 12. Qg3 0-0 13. Bd3 Nc5 14. Bc2 b5 15. Nge2 Bg4 16. Rf1 Bxe2 17. Rxf6 Kh8 18. Rxc6 Bxc4 19. Rxc5 Bxc5 20. b3 b4 21. bxc4 bxc3 22. Bxc3 Bb4 23. Kd2 f6 24. a3 Bxc3+ 25. Qxc3 Qc5 26. Qd3 Qf2+ 27. Kc3 Qxg2 28. Qg3 Qxg3+ 29. hxg3 Kg8 30. c5 Rfc8 31. Kc4 Rab8 32. d6 Kf8 33. Ba4 Rd8 34. Rd1 Kf7 35. c6 Ke6 36. d7 h5 37. c7 Rdc8 38. dxc8Q+ Rxc8 39. Bd7+ 1-0

[Event "Paris op"]
[Site "Paris"]
[Date "1997.??.??"]
[Round "?"]
[White "Leoncini, Mario"]
[Black "Licayan, Albert"]
[Result "1/2-1/2"]
[WhiteElo "2195"]
[BlackElo "2080"]
[PlyCount "84"]
[EventDate "1997.??.??"]
[EventType "swiss"]
[EventRounds "9"]
[EventCountry "FRA"]
[SourceTitle "EXT 1999"]
[Source "ChessBase"]
[SourceDate "1998.11.16"]
[SourceVersion "1"]
[SourceVersionDate "1998.11.16"]
[SourceQuality "1"]

1. e4 e6 2. d4 d5 3. Nc3 Nf6 4. Bg5 Be7 5. e5 Nfd7 6. Bxe7 Qxe7 7. f4 a6 8. Nf3 c5 9. Qd2 Nc6 10. 0-0-0 c4 11. f5 b5 12. fxe6 fxe6 13. Qg5 0-0 14. Be2 Qxg5+ 15. Nxg5 Nb6 16. Bg4 Nd8 17. Ne2 h6 18. Nh3 Ra7 19. Nhf4 Kh7 20. h4 g6 21. Rdf1 Raf7 22. Rf3 Kg7 23. Rhf1 b4 24. Kd2 a5 25. c3 Kh7 26. R1f2 Bd7 27. Ng3 Kg7 28. Nf1 Na4 29. Kc2 bxc3 30. bxc3 Nb6 31. Ne3 Kh7 32. Rf1 g5 33. hxg5 hxg5 34. Nh3 Kg6 35. Rb1 Rxf3 36. gxf3 Na8 37. Kd2 Nc7 38. Rb6 Bc6 39. Nf1 Ne8 40. Ke2 Ng7 41. Ng3 Rf7 42. Ng1 Rb7 1/2-1/2

[Event "FRA-ch op-A"]
[Site "Paris"]
[Date "1994.??.??"]
[Round "3"]
[White "Licayan, Albert"]
[Black "Imbert, Gerard"]
[Result "1-0"]
[WhiteElo "1950"]
[BlackElo "1800"]
[PlyCount "145"]
[EventDate "1994.??.??"]
[EventType "swiss"]
[EventRounds "9"]
[EventCountry "FRA"]
[SourceTitle "EXT 1998"]
[Source "ChessBase"]
[SourceDate "1997.11.17"]
[SourceVersion "1"]
[SourceVersionDate "1997.11.17"]
[SourceQuality "1"]

1. c4 e5 2. e4 Nf6 3. Nc3 Nc6 4. Nf3 d6 5. d4 Bg4 6. d5 Nd4 7. Be3 Nxf3+ 8. gxf3 Bd7 9. h4 Nh5 10. f4 Nxf4 11. Bxf4 exf4 12. Qd4 Rg8 13. 0-0-0 g6 14. e5 Bg7 15. Qxf4 Bxe5 16. Qe3 Qf6 17. Kb1 Bf5+ 18. Bd3 Bxd3+ 19. Rxd3 Kd7 20. Qh3+ Kd8 21. Rf3 Qg7 22. Qg4 f5 23. Qg5+ Kd7 24. Qd2 Rge8 25. Nb5 a6 26. Na3 Re7 27. Qb4 Rb8 28. Qa4+ Kd8 29. Qc2 Bd4 30. c5 Qe5 31. cxd6 cxd6 32. Rd3 Rc8 33. Qd2 Ba7 34. b3 Qe2 35. Nc4 Qxd2 36. Rxd2 Bc5 37. a4 Bb4 38. Rd3 b5 39. axb5 axb5 40. Ne3 Rc3 41. Rxc3 Bxc3 42. h5 Ra7 43. Kc2 b4 44. hxg6 hxg6 45. Kd3 Ra2 46. Rg1 Rd2+ 47. Kc4 f4 48. Ng4 Rd4+ 49. Kb5 Rxd5+ 50. Kc6 Rd2 51. Rh1 Ke7 52. Re1+ Kf7 53. Kd7 Be5 54. Rh1 Kg7 55. Ke6 Re2 56. f3 Rb2 57. Ra1 Bd4 58. Rc1 Bc5 59. Rc4 Re2+ 60. Kd5 Rb2 61. Rxf4 Rxb3 62. Ke6 d5 63. Rf7+ Kh8 64. Kxd5 Kg8 65. Nh6+ Kh8 66. Kxc5 Rb1 67. Ng4 Kg8 68. Rb7 b3 69. Kc4 b2 70. Kc3 Rf1 71. Kxb2 Rxf3 72. Kc2 Rf7 73. Nh6+ 1-0